000 01040nam0a22002291i 4500
001 rc\347102
005 20240723195811.0
035 _a(NLR Aleph) 005590313
090 _a6205481
_c6205481
100 _a20030307d1989 u |0rusy50 ca
101 0 _arus
102 _aRU
105 _ay |||||||||
200 1 _aРазработка метода повышения стабильности показателей качества изделий в условиях массового производства
_e(На прим. топлив. аппаратуры тракт. дизелей)
_eАвтореф. дис. на соиск. учен. степ. канд. техн. наук
_e(08.00.20)
_fВНИИ по нормализации в машиностроении
210 _aМ.
_d1989
215 _a22 с.
320 _aБиблиогр.: с. 21-22 (5 назв.)
700 1 _aКукоба
_bС.С.
_gСветлана Сергеевна
801 0 _aRU
_bNLR
_gpsbo
801 1 _aRU
_bELAR
_2rusmarc
852 _aNLR
_jА89/12608
942 _cBOOK